Git subcommands - Statistics

General Stats
  • This quiz has been taken 5 times
  • The average score is 12 of 81
Answer Stats
Subcommand % Correct
pull
100%
branch
60%
clone
60%
commit
60%
merge
60%
push
60%
add
40%
bisect
40%
checkout
40%
config
40%
help
40%
init
40%
log
40%
log
40%
rebase
40%
remote
40%
status
40%
submodule
40%
switch
40%
am
20%
cherry-pick
20%
diff
20%
diff
20%
diff
20%
fetch
20%
merge-base
20%
mv
20%
reset
20%
restore
20%
rm
20%
stash
20%
apply
0%
apply
0%
archive
0%
blame
0%
bugreport
0%
bundle
0%
cat-file
0%
check-ignore
0%
checkout-index
0%
clean
0%
commit-tree
0%
count-objects
0%
daemon
0%
describe
0%
diff-index
0%
difftool
0%
fast-import
0%
filter-branch
0%
for-each-ref
0%
format-patch
0%
fsck
0%
gc
0%
grep
0%
hash-object
0%
imap-send
0%
instaweb
0%
ls-files
0%
ls-tree
0%
mergetool
0%
notes
0%
range-diff
0%
read-tree
0%
reflog
0%
request-pull
0%
revert
0%
rev-list
0%
rev-parse
0%
send-email
0%
shortlog
0%
show
0%
show-ref
0%
svn
0%
symbolic-ref
0%
tag
0%
update-index
0%
update-ref
0%
update-server-info
0%
verify-pack
0%
worktree
0%
write-tree
0%
No matching quizzes found
Score Distribution
Percent of People with Each Score
Percentile by Number Answered
Your Score History
You have not taken this quiz